Clash Royale - Champions - Statistics

General Stats
  • This quiz has been taken 182 times
  • The average score is 5 of 6
Answer Stats
Answer % Correct
Skeleton King
89%
Archer Queen
88%
Golden Knight
87%
Monk
80%
Little Prince
76%
Mighty Miner
73%
No matching quizzes found
Score Distribution
Percent of People with Each Score
Percentile by Number Answered
Your Score History
You have not taken this quiz